Scènes contemporaines des mondes arabes (Record no. 14038)

MARC details
010 ## - Numéro international normalisé du livre (ISBN)
ISBN 9782874281297
Disponibilité et/ou prix 17 EUR
099 ## - Visibilité opac
notice masquée en opac Non
100 ## - Données générales de traitement
Données générales de traitement 20220712d2022 m y0frey50 ba
101 0# - Langue de la ressource
Langue du texte, de la bande son, etc. français
102 ## - Pays de publication ou de production
Pays de publication Belgique
200 1# - Titre et mention de responsabilité
Titre propre Scènes contemporaines des mondes arabes
Titre bilingue = المسارح العربية المعاصرة
Indication générale du type de document Livre
200 1# - Titre et mention de responsabilité
Titre propre Scènes contemporaines des mondes arabes
Titre bilingue = Al-Masāraḥ al-ʿarabiyyaẗ al-muʿāṣiraẗ
Indication générale du type de document Livre
214 #0 - Mentions de production, publication, diffusion et manufacture
Nom de l’éditeur Alternatives théâtrales
Date de publication 2022
215 ## - Description physique
Nombre de pages 1 vol. (79 p.)
330 ## - Résumé ou extrait
Texte de la note Que sait-on des scènes contemporaines des mondes arabes? De leurs contextes de création ? Des artistes qui les font naître et vivre, ici et là-bas ? De l'Irak à la Palestine, en passant par la résistance artistque des Printemps arabes, ce numéro est un "chant d'amour" aurait dit Jean Genet, captif amoureux de ces mondes. Éclectique et passionné mais éloigné d'un orientalisme naïf, ce numéro propose donc une immersion dans ces scènes passionnantes aux esthétiques et idées puissantes
101 0# - Langue de la ressource
Page de titre si elle diffère de celle du texte français
-- arabe
Langue des sous-titres allemand, vieux haut (ca. 750-1050)
105 ## - Zone de données codées : textes, monographies
Données codées sur les monographies textuelles a a 000yd
181 ## - Zone de données codées : Forme de la ressource
Données de liaison entre champs z01
Autre référentiel utilisé pour coder la forme du contenu texte
Code du référentiel rdacontent
181 #1 - Zone de données codées : Forme de la ressource
Données de liaison entre champs z01
Forme du contenu selon l’ISBD sous forme codée i#
Qualificatif(s) du contenu selon l’ISBD sous forme codée xxxe##
182 ## - Zone de données codées : type de média
Données de liaison entre champs z01
Autre référentiel utilisé pour coder le type de médiation sans média
Code du référentiel rdamedia
182 #1 - Zone de données codées : type de média
Données de liaison entre champs z01
Type de médiation selon l’ISBD sous forme codée sans média
183 #1 - Zone de données codées : Type de carrière
Données de liaison entre champs z01
Type de support sous forme codée nga
Code du référentiel RDAfrCarrier
200 1# - Titre et mention de responsabilité
Langue du titre parallèle ara
200 1# - Titre et mention de responsabilité
Langue du titre parallèle ara
214 #0 - Mentions de production, publication, diffusion et manufacture
Lieu de publication, production, distribution/diffusion, fabrication Bruxelles
215 ## - Description physique
Autres caractéristiques matérielles photogr. en coul., couv. ill. en coul.
Dimensions 30 cm
305 ## - Note sur l'édition et l'histoire bibliographique
Texte de la note N° de : "Alternatives théâtrales", ISSN 0774-4145, (Juillet 2022), n°147
320 ## - Bibliographies internes/Note d'index
Texte de la note Notes bibliogr.
461 ## - Niveau de l'ensemble
Identifiant de la notice bibliographique liée 039731227
Titre de l'oeuvre Alternatives théâtrales
ISSN 0774-4145
Numéro de volume 147
606 ## - Sujet - Nom commun
Identifiant de la notice d'autorité 027253066
Élément d'entrée Théâtre
Identifiant de la notice d'autorité 027228959
Subdivision géographique Pays arabes
Code du format utilisé rameau
606 ## - Sujet - Nom commun
Identifiant de la notice d'autorité 029772990
Élément d'entrée Théâtre (genre littéraire) arabe
Identifiant de la notice d'autorité 086305646
Subdivision chronologique XXe siècle
Code du format utilisé rameau
608 ## - Vedette de Forme, Genre ou Caractéristiques physiques
Identifiant de la notice d'autorité 122706463
Élément d'entrée Articles de périodiques
Code du format utilisé rameau
801 #3 - Origine de la notice
Pays FR
Agence de catalogage Abes
Date de la transaction 20240130
Règles de catalogage utilisées AFNOR
000 -Etiquette de la notice
Leader 01988cam0a2200433 4500
003 - Identifiant de la notice
Identifiant http://www.sudoc.fr/263548856
005 - Identifiant de la version
Identifiant 20260311141115.0
035 ## - Identifiant de la notice dans un autre système
Identifiant de la notice dans un autre système (OCoLC)1335137327
073 #2 - EAN
Numéro normalisé 9782874281297
Holdings
Exclu du prêt Date de création Site actuel Code barre Date prix de remplacement Cote Statut Site de rattachement Type de document Koha
  11.03.2026 Théâtre Joliette JOL-007738 11.03.2026 REV   Théâtre Joliette Livre